| 000 | 00350nam a2200133Ia 4500 | ||
|---|---|---|---|
| 005 | 20260328104326.0 | ||
| 008 | 260328s9999||||xx |||||||||||||| ||und|| | ||
| 100 | _aGuglielmi, Nilda | ||
| 245 | 0 |
_aEl Fisiologo, bestiario Medieval / _cNilda Guglielmi |
|
| 260 | _bUniversidad de Buenos Aires | ||
| 300 | _a107 p. | ||
| 650 | _aFILOSOFIA | ||
| 942 | _cBK | ||
| 999 |
_c11540 _d11540 |
||